La maschera e le tenebre

Enregistré dans:
Détails bibliographiques
Auteur principal: Carey, Jacqueline
Format: Livre
Langue:Undetermined
Publié: Milan, Italia Tascabili degli Editori Associati 2009
Sujets:
Tags: Ajouter un tag
Pas de tags, Soyez le premier à ajouter un tag!

MARC

LEADER 00000nam a2200000Ia 4500
008 170316s9999 xx 000 0 und d
040 |a cru BVZT 
090 |a 850 C-1.1m 
100 |a Carey, Jacqueline 
245 |a La maschera e le tenebre 
260 |a Milan, Italia 
260 |b Tascabili degli Editori Associati 
260 |c 2009 
300 |a 840 páginas 
650 |a LITERATURA ITALIANA 
650 |a EN IDIOMA ITALIANO 
650 |a NOVELA 
999 |c 8121  |d 8121 
942 |c 15 D  |h 850 C-1.1m  |2 z